My personal message to you. (Record no. 14183)

000 -LEADER
fixed length control field 00607nam a2200193 a 4500
001 - CONTROL NUMBER
control field :::00012008$&:&@@
003 - CONTROL NUMBER IDENTIFIER
control field OkBaRHE
005 - DATE AND TIME OF LATEST TRANSACTION
control field 20000607103415.0
008 - FIXED-LENGTH DATA ELEMENTS--GENERAL INFORMATION
fixed length control field s1958 j 000 0 eng u
040 ## - CATALOGING SOURCE
Transcribing agency
100 1# - MAIN ENTRY--PERSONAL NAME
Personal name Coe, Mrs. Jack (Juanita).
245 10 - TITLE STATEMENT
Title My personal message to you.
260 ## - PUBLICATION, DISTRIBUTION, ETC. (IMPRINT)
Place of publication, distribution, etc Dallas, TX., :
Name of publisher, distributor, etc Herald of Healing
Date of publication, distribution, etc c1958
300 ## - PHYSICAL DESCRIPTION
Extent 30 p. : illus. ;
Dimensions 21 cm.
650 ## - SUBJECT ADDED ENTRY--TOPICAL TERM
Topical term or geographic name as entry element Pentecostalism
General subdivision Sermons
650 ## - SUBJECT ADDED ENTRY--TOPICAL TERM
Topical term or geographic name as entry element Sermons, American
General subdivision Pentecostal
942 ## - ADDED ENTRY ELEMENTS (KOHA)
Source of classification or shelving scheme
Koha item type Books
Copies
Price effective from Date acquired Copy number Barcode Lost status Koha item type Permanent Location Date last seen Shelving location Withdrawn status Full call number Not for loan Damaged status Source of classification or shelving scheme
2010-04-142010-04-14112008 BooksRHEMA Bible Training College2010-04-14General Stacks BX 8764 .Z6C6